Movies Quiz

Random Movies or Blitz Quiz

DCEU Actors by Age Quiz Stats

 Plays Quiz not verified by Sporcle

Support Sporcle.
Go Orange.
Score 0/10 Timer 02:30
2 Plays Today
% Correct
???
100%
???
84.2%
???
80.5%
???
75.5%
???
55.1%
???
38.9%
???
35.2%
???
25.8%
???
23.2%
???
23.2%

You're not logged in!

Compare scores with friends on all Sporcle quizzes.
OR
Log In

From the Vault

Click a Republican Presidential Nominee

by Noldeh

Clicking through this quiz is like voting in a primary that spans multiple centuries.
Remove Ads.
Support Sporcle.
Get the best of Sporcle when you Go Orange. This ad-free experience offers more features, more stats, and more fun while also helping to support Sporcle. Thank you for becoming a member.

Show Comments

Extras

Top Quizzes Today


Score Distribution

Your Account Isn't Verified!

In order to create a playlist on Sporcle, you need to verify the email address you used during registration. Go to your Sporcle Settings to finish the process.

Report this User

Report this user for behavior that violates our Community Guidelines.

Details: